Top 50 Tennis Players of the Open Era - Statistics

General Stats
  • This quiz has been taken 150 times
  • The average score is 28 of 50
Answer Stats
Rank Answer % Correct
3 Rafael Nadal
99%
1 Roger Federer
99%
5 Novak Djokovic
98%
1 Serena Williams
97%
8 Venus Williams
97%
4 Pete Sampras
91%
18 Andy Murray
86%
11 Andre Agassi
85%
6 Bjorn Borg
85%
9 John McEnroe
82%
2 Steffi Graf
77%
12 Maria Sharapova
74%
13 Boris Becker
73%
3 Martina Navratilova
73%
8 Ivan Lendl
71%
10 Jimmy Connors
71%
2 Rod Laver
66%
22 Lleyton Hewitt
64%
9 Justine Henin
62%
24 Stanislas Wawrinka
62%
14 Stefan Edberg
62%
5 Chris Evert
57%
7 Monica Seles
57%
12 Mats Wilander
55%
11 Martina Hingis
54%
25 Andy Roddick
52%
20 Arthur Ashe
51%
6 Billie Jean King
50%
17 Jim Courier
49%
14 Kim Clijsters
47%
4 Margaret Court
47%
21 Gustavo Kuerten
45%
15 John Newcombe
40%
15 Lindsay Davenport
39%
13 Arantxa Sanchez-Vicario
38%
19 Ilie Nastase
38%
16 Guillermo Vilas
36%
17 Jennifer Capriati
34%
22 Victoria Azarenka
34%
10 Evonne Goolagong
32%
7 Ken Rosewall
32%
21 Amelie Mauresmo
31%
23 Angelique Kerber
31%
20 Gabriela Sabatini
31%
23 Stan Smith
30%
24 Caroline Wozniacki
26%
18 Tracy Austin
26%
19 Hana Mandlikova
22%
16 Virginia Wade
18%
25 Li Na
16%
No matching quizzes found
Score Distribution
Percent of People with Each Score
Percentile by Number Answered
Your Score History
You have not taken this quiz